[Event "GER-ch U18 sf Berlin Online"]
[Site "Playchess.com INT"]
[Date "2020.05.01"]
[Round "6"]
[White "Jiang, Philipp"]
[Black "Bratter, Aleksandr"]
[Result "0-1"]
[WhiteElo "1620"]
[BlackElo "1620"]
[PlyCount "90"]
[EventDate "2020.05.01"]
[EventType "swiss (blitz)"]
[EventRounds "13"]
[EventCountry "GER"]
[SourceTitle "CBM 195 Extra"]
[Source "ChessBase"]
[SourceDate "2020.05.31"]
[SourceVersion "1"]
[SourceVersionDate "2020.05.31"]
[SourceQuality "1"]

1. e4 e5 2. Nf3 Nc6 3. Bc4 Bc5 4. Nc3 d6 5. d3 Bg4 6. h3 Bh5 7. g4 Bg6 8. Be3 Bxe3 9. fxe3 h5 10. Rg1 hxg4 11. hxg4 Rh3 12. Ng5 Qxg5 13. Nd5 0-0-0 14. Qd2 Qh4+ 15. Qf2 Qxf2+ 16. Kxf2 Na5 17. Bb3 Nxb3 18. axb3 a6 19. Rg3 Rh2+ 20. Rg2 Rxg2+ 21. Kxg2 Kb8 22. d4 c6 23. Nc3 exd4 24. exd4 Re8 25. Re1 d5 26. e5 f6 27. Kf3 fxe5 28. dxe5 Nh6 29. Re2 Rh8 30. Na4 Nxg4 31. Kxg4 Bh5+ 32. Kf5 Bxe2 33. e6 Re8 34. Nc5 Bf1 35. Kg6 Bh3 36. Kf7 Rc8 37. e7 Bg4 38. e8Q Bh5+ 39. Ke7 Rxe8+ 40. Kd6 g5 41. Nd3 g4 42. Nf4 g3 43. Kc5 Rg8 44. Kd4 g2 45. Nxg2 Rxg2 0-1